000 00257nam a2200097Ia 4500
001 915185
005 20250826185829.0
008 250824s9999 xx 000 0 und d
245 0 _aFİLOZOFUN DOĞA GÜNLÜĞÜ
_cFATİH DİKMEN
260 _bTAZE KİTAP YAYINLARI
999 _c915185
_d915185